Control democrático de la gestión económica /

Enregistré dans:
Détails bibliographiques
Auteur principal: Ayrton, Fausto
Autres auteurs: Campero, Guillermo
Format: Texte
Publié: Buenos Aires: s.e.
Tags: Ajouter un tag
Pas de tags, Soyez le premier à ajouter un tag!

MARC

LEADER 00000 a a2200000 04500
001 22760
003
040
090 |a 156400  
100 |a Ayrton, Fausto  
245 |a Control democrático de la gestión económica /  |c Fausto Ayrton 
260 |a Buenos Aires:   |b s.e.  
300 |a 14 p  
700 |a Campero, Guillermo  
999 |c 12846  |d 12846